Architectural Styles - Statistics

General Stats
  • This quiz has been taken 28 times
  • The average score is 4 of 16
Answer Stats
Picture Answer % Correct
Gothic
96%
Baroque
80%
Brutalism
68%
Rococo
48%
Byzantine
40%
Khmer
32%
Mughal
20%
Egyptian Revival
12%
Palladian
12%
Gothic Revival
8%
Beaux-Arts
4%
Etruscan
4%
Dravidian
0%
Korean
0%
Praire School
0%
Shoin-zukuri
0%
No matching quizzes found
Score Distribution
Percent of People with Each Score
Percentile by Number Answered
Your Score History
You have not taken this quiz